000
00303nam a2200133Ia 4500
100
_a
Woollard/ R./ Lafore/ R.
942
_c
BK
654
_a
Computers
245
_a
Waite group''''s master C++
260
_b
Galgotia Publications
_a
New Delhi
_c
1992
300
_a
398
546
_a
ENGLISH
999
_c
32268
_d
32268